Facteurs de 2000 - Statistiques

Statistiques générales
  • Ce quiz a été pris 51 fois
  • Le résultat moyen est 18 sur 20
Statistiques - réponses
Réponse % Correct
1
100%
10
100%
2
100%
20
100%
4
100%
5
100%
8
100%
100
98%
200
96%
50
96%
25
93%
40
91%
16
89%
2000
89%
500
89%
1000
84%
250
82%
400
78%
80
76%
125
67%
Aucun quiz correspondant
Distribution des résultats
% des personnes avec chaque résultat
Percentile par nombre de réponses
Votre historique - résultats
Vous n’avez pas pris ce quiz